K PROBLEMATIKE POSADNUTOSTI ZLÝMI DUCHMI

Bibliographic Details
Main Author: Nikulin, Andrej (Author)
Format: Article
Language:Slovak

MARC

LEADER 00000nab a2200000uu 4500
001 vtls011141169
003 SK-MaSNL
005 20260303151125.0
008 230222|2009 xo |||||||||||||||||slo|
015 |a SNBRB 
035 |a (urnnbn)urn:nbn:sk:snk:ar-008c9l 
035 |a (uuid)ca0f84eb-5d45-4555-9561-e2cdb2e37439 
035 |a urn:nbn:sk:snk-abasxu 
040 |a SNKBUCL  |b slo  |c SNKBUCL  |e AACR2 
041 0 |a slo 
044 |a xo  |c SK 
100 1 |a Nikulin, Andrej  |4 aut  |9 335095 
245 1 0 |a K PROBLEMATIKE POSADNUTOSTI ZLÝMI DUCHMI  |c Andrej Nikulin 
773 0 |t Pravoslávny teologický zborník  |g Č. 34 (2009), s. 242-264 
954 |a odborná, vedecká literatúra pôvodná (slovenská)  |2 lita 
958 |a OND 
958 |a EUIPO 
958 |a article14 
999 |c 2016128  |d 2018058